000 00525nam a2200157 a 4500
001 000044276
005 20201002045248.0
008 140612s1999 dr 000 0 spa d
040 _aDO-SdBNP
_bspa
_cBNPHU
082 _axxxx
_bxxxx
100 1 _aRodríguez M., Adriano
_972280
245 1 0 _aDioses i hombres violentos /
_cAdriano Rodríguez M.
260 _aSanto Domingo :
_b[I. C. S. A., Impresos computarizados],
_c1999.
300 _a263 p. :
_bil. ;
_c21 cm.
500 _aIncluye datos biográficos del autor en las solapas
999 _c43765
_d43765